Melvin's valentine / written by Jon Scieszka ; characters and environments developed by the Design Garage ; drawings by Juan Pablo Navas ; color by Antonio Reyna.
Melvin the cement mixer worries when he cannot figure out who gave him a valentine.
Record details
- ISBN: 9781416941446
- ISBN: 1416941444
- Physical Description: 1 v. (unpaged) : color illustrations ; 24 cm.
- Edition: 1st Aladdin Paperbacks edition
- Publisher: New York : Aladdin Paperbacks/Simon & Schuster Children's, 2010.
Content descriptions
| General Note: | "A Ready-to-roll book"--Back cover. |
| Target Audience Note: | 004-006. |
Search for related items by subject
| Subject: | Concrete mixers > Fiction. Trucks > Fiction. Worry > Fiction. Valentines > Fiction. |
Search for related items by series
| LDR | 01416cam a2200361 a 4500 | ||
|---|---|---|---|
| 001 | 133253 | ||
| 003 | CONS | ||
| 005 | 20140703073307.0 | ||
| 008 | 110117s2010 nyua b 000 1 eng | ||
| 010 | . | ‡a 2008030723 | |
| 020 | . | ‡a9781416941446 | |
| 020 | . | ‡a1416941444 | |
| 035 | . | ‡a(CPomAG)LMN505299 | |
| 050 | 0 | 0. | ‡aPZ7.S41267 ‡bMh 2010 |
| 082 | 0 | 0. | ‡a[E] ‡222 |
| 100 | 1 | . | ‡aScieszka, Jon. |
| 245 | 1 | 0. | ‡aMelvin's valentine / ‡cwritten by Jon Scieszka ; characters and environments developed by the Design Garage ; drawings by Juan Pablo Navas ; color by Antonio Reyna. |
| 250 | . | ‡a1st Aladdin Paperbacks edition | |
| 260 | . | ‡aNew York : ‡bAladdin Paperbacks/Simon & Schuster Children's, ‡c2010. | |
| 300 | . | ‡a1 v. (unpaged) : ‡bcolor illustrations ; ‡c24 cm. | |
| 440 | 0. | ‡aReady-to-roll ; ‡vLevel 1 | |
| 440 | 0. | ‡aJon Scieszka's Trucktown | |
| 500 | . | ‡a"A Ready-to-roll book"--Back cover. | |
| 521 | 1 | . | ‡a004-006. |
| 520 | . | ‡aMelvin the cement mixer worries when he cannot figure out who gave him a valentine. | |
| 650 | 1. | ‡aConcrete mixers ‡vFiction. | |
| 650 | 1. | ‡aTrucks ‡vFiction. | |
| 650 | 1. | ‡aWorry ‡vFiction. | |
| 650 | 1. | ‡aValentines ‡vFiction. | |
| 700 | 1 | . | ‡aNavas, Juan Pablo. |
| 700 | 1 | . | ‡aReyna, Antonio. |
| 959 | . | ‡i32269000877004 ‡lBR Sci Level 1 ‡aJuvenile - Beginning Reader ‡tBeginning Reader ‡g14.00 | |
| 852 | . | ‡p32269000877004 ‡jBR Sci Level 1 ‡gJuvenile - Beginning Reader ‡cBeginning Reader ‡y14.00 ‡bSBPL | |
| 901 | . | ‡a133253 ‡bUnknown ‡c133253 ‡tbiblio | |